Регионална библиотека "Любен Каравелов" - Русе

Софроний Врачански (Запис номер 197778)

MARC детайли
000 -Лидер
Контролно поле с фиксирана дължина 02675nam a2200493 c 4500
003 - Код на организацията, давaща контролен номер
Контролно поле BLK
005 - Дата и час на последна редакция
Контролно поле 20240623004014.0
008 - Елементи от данни с фиксирана дължина
fixed length control field 180411b bul|||||r ||||||| ||bul||
010 ## - Наследен системен номер
LC control number KNG00207062000
020 ## - Международен стандартен номер на книга ISBN
Международен стандартен номер на книга ISBN 978-954-533-158-9
-- издат.: Кралица МАБ
040 ## - Източник на каталожния запис
Идентификатор на билиотеката - собственик на записа BLK
041 ## - Код за език
Код за езика на текст/звукозапис или на отделно заглавие Български
Код за езика КДБФ Български
072 #7 - Код за тематичната категория
Код организация bullib
Код за тематична категория Н82
Текст Литературознание Н
080 ## - УДК
Текстов определител УДК Българска литература
УДК код - определител по УДК 821.163.2
УДК определител (091)(092)
УДК - код + определител 821.163.2(091)(092)
080 ## - УДК
Текстов определител УДК Период на кризата на феодализма, зараждане на капиталистически отношения. Възраждане на българския народ (II пол. на ХVIII в. - 1878 г.)
УДК код - определител по УДК 94(497.2)"1750/1878"
УДК определител (092)
УДК - код + определител 94(497.2)"1750/1878"(092)
080 ## - УДК
Текстов определител УДК поп Стойко Владиславов, по-късно Врачански епископ, български народен будител, духовник
УДК код - определител по УДК 929 Софроний Врачански, св.
УДК определител
УДК - код + определител 929 Софроний Врачански, св.
100 ## - Редна дума - Автор
Автор Аретов, Николай Аретов
R(LIN) 364012
139 ## - Редно поле
Редна дума Аретов, Николай Аретов
Авторски знак Соф - С 53
245 10 - Сведения за заглавието
Заглавие Софроний Врачански
Подзаглавни данни Живот и дело
Редно поле (дума) Николай Аретов Аретов.
257 ## - Страна на издаване
Страна на създаване/издаване България
260 ## - Област на издателските данни
-- София
Име на издателя, разпространителя и проч. Кралица МАБ
Година на издаване 2017
Печатница София : Диджитал Принт Експрес
300 ## - Физическа характеристика
Страници 184 с.
Размери/Мащаб 20 см
380 ## - Жанр
Жанр История
500 ## - Общи забележки
Забележка Библиогр. с. 172-182.
600 14 - Име на лице, използвано като предмет
За него / За нея Софроний Врачански
Свързани дати 1739-1813
Титли или други наименования, свързани с автора Владиславов, Стойко ; Софроний, епископ Врачански ; Софроний Врачански, св. ; Серафим, монах
9 (RLIN) 366013
650 #4 - Допълнително описание по предмет – тема
Основно описание – тема или топоним Софроний Врачански, св.
9 (RLIN) 242015
650 #4 - Допълнително описание по предмет – тема
Основно описание – тема или топоним Писатели, български - творчество
9 (RLIN) 250544
650 #0 - Допълнително описание по предмет – тема
Основно описание – тема или топоним Писатели, български - биографии
9 (RLIN) 243085
650 #4 - Допълнително описание по предмет – тема
Основно описание – тема или топоним Възрожденци, български
9 (RLIN) 246435
650 #4 - Допълнително описание по предмет – тема
Основно описание – тема или топоним Софроний Врачански, св.
9 (RLIN) 242015
651 #4 - Допълнително описание по предмет - топоним
Географско понятие България
9 (RLIN) 241624
653 ## - Ключова дума – ненормативна
Ключова дума Софроний Врачански
653 ## - Ключова дума – ненормативна
Ключова дума български писатели
653 ## - Ключова дума – ненормативна
Ключова дума възрожденска литература
653 ## - Ключова дума – ненормативна
Ключова дума биографии
653 ## - Ключова дума – ненормативна
Ключова дума литературно творчество
659 ## - Тематичен бюлетин
Тематичен бюлетин Н
852 ## - Местоположение
Форматна сигнатура Цб 285838
856 4# - Електронен адрес и достъп
Електронен формат pdf - файл
Път до файла /url/
856 4# - Електронен адрес и достъп
Електронен формат pdf - файл
Път до файла /url/
942 ## - АРТИКУЛИ
Вид на библиотечния материал Книги
Скрит в OPAC Не
944 ## - СЪЗДАВАНЕ И РЕДАКЦИЯ на ЗАПИСА
Създаване/Редакция Създаване
Дата на регистрацията/редакция 26.05.2017
Статус, дата на статуса CRON CRON
Служител, извършил регистрацията/редакцията
944 ## - СЪЗДАВАНЕ И РЕДАКЦИЯ на ЗАПИСА
Създаване/Редакция Редакция
Дата на регистрацията/редакция 09.06.2017
Статус, дата на статуса ф /
Служител, извършил регистрацията/редакцията Людмила_Стоянова
999 ## - СИСТЕМНИ КОНТРОЛНИ НОМЕРА
Koha biblionumber 197778
Koha biblioitemnumber 197778
Наличности
Код за отписване Код за изгубен артикул Източник на класификационната схема Код за повреда Коз за рестрикции Код за отдаване Артикулен № Име на библиотеката - собственик Име на библиотеката, в която се намира в момента Статус (Текущо местоположение) Дата на вписване в системата Местоположение - отдел Цена в лева Инвентарен номер Систематично азбучна сигнатура Баркод Номер на екземпляра Цена в евро Служебна бележка Служебен тип на артикула
  Не е изгубен Universal Decimal Classification Не е повреден без рестрикции заемане за дома 344225 Регионална библиотека "Любен Каравелов" Русе Регионална библиотека "Любен Каравелов" Русе Заемна - подръчен фонд 2017-05-26 Заемна - подръчен фонд 15.00 120000811456 П 821.163.2.09(092)/С 53 120000811456 1 7.67 Дост: Pk Вид: Ф N: 490 Дата: 26.05.2017 Дата инв: 07.02.2018 Бележки инв: П2018 Книги
Vip Innovations Ltd, Rousse, Bulgaria 2025